| 000 | 00878cam a2200253 a 4500 | ||
|---|---|---|---|
| 999 |
_c13266 _d13266 |
||
| 001 | 4978651 | ||
| 005 | 20181016115935.0 | ||
| 008 | 980116s1998 nyu b 001 0 eng | ||
| 010 | _a 98009482 | ||
| 020 | _a0801435315 (hardcover : alk. paper) | ||
| 050 | 0 | 0 | _aBD418.3.P65 1998 |
| 100 | 1 | _aPols, Edward. | |
| 245 | 1 | 0 |
_aMind regained/ _cEdward Pols. |
| 260 |
_aIthaca, N.Y. : _bCornell University Press, _cc1998. |
||
| 300 |
_ax, 151 p. ; _c24 cm. |
||
| 504 | _aIncludes bibliographical references (p. [139]-145) and index. | ||
| 650 | 0 | _aPhilosophy of mind. | |
| 650 | 0 | _aCausation. | |
| 906 |
_a7 _bcbc _corignew _d1 _eocip _f19 _gy-gencatlg |
||
| 942 |
_2lcc _cBOOKS _hBD418.3.P65 1998 _01 |
||